Introduction to quantum mechanics in Chemistry / (Record no. 2372)

MARC details
000 -LEADER
fixed length control field 00662nam a22002172 4500
001 - CONTROL NUMBER
control field 0000004003
005 - DATE AND TIME OF LATEST TRANSACTION
control field 20151217145748.0
008 - FIXED-LENGTH DATA ELEMENTS--GENERAL INFORMATION
fixed length control field 070517s xx 000 0 eng d
020 ## - INTERNATIONAL STANDARD BOOK NUMBER
International Standard Book Number 0138954917 :
040 ## - CATALOGING SOURCE
Original cataloging agency KABU
Transcribing agency KABU
050 #0 - LIBRARY OF CONGRESS CALL NUMBER
Classification number QD462
Item number .R38
100 1# - MAIN ENTRY--PERSONAL NAME
Personal name Ratner, Mark A.
-- 0000154313
245 10 - TITLE STATEMENT
Title Introduction to quantum mechanics in Chemistry /
Statement of responsibility, etc. M. A. Ratner, George C. Schatz.
260 ## - PUBLICATION, DISTRIBUTION, ETC. (IMPRINT)
Place of publication, distribution, etc. Upper Saddle River, NJ :
Name of publisher, distributor, etc. Prentice Hall,
Date of publication, distribution, etc. 2001.
300 ## - PHYSICAL DESCRIPTION
Extent x, 305 p.
650 #0 - SUBJECT ADDED ENTRY--TOPICAL TERM
Topical term or geographic name as entry element Quantum chemistry.
-- 0000154309
700 1# - ADDED ENTRY--PERSONAL NAME
Personal name Schatz, G. C.
-- 0000154314
908 ## - PUT COMMAND PARAMETER (RLIN)
Put command parameter 070517
950 ## - LOCAL HOLDINGS (RLIN)
-- 1
Holdings
Withdrawn status Lost status Source of classification or shelving scheme Not for loan Home library Current library Date acquired Total Checkouts Full call number Barcode Date last seen Price effective from Koha item type
    Library of Congress Classification   Kabarak, Main Campus Kabarak, Main Campus 17/12/2015   QD462 .R38 006293 17/12/2015 17/12/2015 General Collection
Designed with assistance from East African Informatics Ltd